000
00249nam a22000977a 4500
008
170125b xxu||||| |||| 00| 0 eng d
041
_a
eng
080
_a
618.2
245
_a
EMERGJENCAT MEDIKALE NE FATKEQESI DHE KATASTROFA
_c
BAJRAMI, I
942
_2
udc
_c
BK
999
_c
3602
_d
3602